| 000 | 01330nam a2200361 c 4500 | ||
|---|---|---|---|
| 001 | 24206 | ||
| 003 | ES-MaCES | ||
| 005 | 20150929135514.0 | ||
| 008 | 120119s2010 lu d t m000 | eng d | ||
| 020 | _a9789279162534 | ||
| 035 | _aCES20120000224m | ||
| 040 |
_aES-MaCES _bspa _cES-MaCES |
||
| 100 | 1 |
_aFoubert, Petra _912306 |
|
| 245 | 1 | 4 |
_aThe gender pay gap in Europe from a legal perspective _cPetra Foubert |
| 260 |
_aLuxembourg _bPublications Office of the European Union _c2010 |
||
| 300 |
_a39 p. _c30 cm |
||
| 500 | _aEn la port: European Commission, Directorate-General for Employment, Social Affairs and Equal Opportunities Unite G.2 | ||
| 504 | _aBibliografía: p. 33-38 | ||
| 541 | _cSuscripción conjunta | ||
| 650 | 4 |
_adiferencia del salario _929458 |
|
| 650 | 4 |
_adiscriminación por razones de sexo _929521 |
|
| 650 | 4 |
_amujeres _928657 |
|
| 650 | 4 |
_aigualdad de remuneración _927184 |
|
| 650 | 4 |
_aaspecto jurídico _927152 |
|
| 650 | 4 |
_aplan de acción _930406 |
|
| 653 | 1 | 0 | _aEmpleo |
| 650 | 4 |
_929020 _apaís de la UE |
|
| 650 | 4 |
_926752 _aUE |
|
| 710 | 2 |
_aComisión de las Comunidades Europeas _bDirección General de Empleo, Asuntos Sociales e Igualdad de Oportunidades _92036 |
|
| 902 | _aDOC Literatura gris | ||
| 942 |
_2CES _cBK _h2.1. |
||
| 999 |
_c24206 _d24206 |
||